Southville International School and Colleges
Your cart is empty.
  • Cart
  • Lists
    Public lists Eva Luna New books Lux_list list_1
    Your lists Log in to create your own lists
  • Log in to your account
  • Your cookies
  • Search history
Southville International School and Colleges
  • Advanced search
  • Recent comments
  • Most popular
  • Libraries

Log in to your account

Log in with GOOGLE


If you do not have an external account, but do have a local account, you can still log in:

  1. Home
  2. MARC view: Basic financial management
Normal view MARC view ISBD view

Basic financial management (Record no. 367426)

[ view plain ]
MARC details
000 -LEADER
fixed length control field 00583nam a22001937a 4500
003 - CONTROL NUMBER IDENTIFIER
control field 0
005 - DATE AND TIME OF LATEST TRANSACTION
control field 20250429110245.0
008 - FIXED-LENGTH DATA ELEMENTS--GENERAL INFORMATION
fixed length control field 250426b xxu||||| |||| 00| 0 eng d
020 ## - INTERNATIONAL STANDARD BOOK NUMBER
International Standard Book Number 978-621-406-200-3
050 ## - LIBRARY OF CONGRESS CALL NUMBER
Classification number HG 4026
Item number .P649 2022
100 ## - MAIN ENTRY--PERSONAL NAME
Personal name Pineda, Ariel Dizon
245 ## - TITLE STATEMENT
Title Basic financial management
Statement of responsibility, etc Ariel Dizon Pineda
260 ## - PUBLICATION, DISTRIBUTION, ETC. (IMPRINT)
Place of publication, distribution, etc Intramuros, Manila
Name of publisher, distributor, etc Mindshapers, Inc.
Date of publication, distribution, etc 2022
300 ## - PHYSICAL DESCRIPTION
Extent viii, 223 pages;
Dimensions 25cm.
504 ## - BIBLIOGRAPHY, ETC. NOTE
Bibliography, etc Includes bibliographical references.
650 ## - SUBJECT ADDED ENTRY--TOPICAL TERM
Topical term or geographic name as entry element Corporations—Finance.
650 ## - SUBJECT ADDED ENTRY--TOPICAL TERM
Topical term or geographic name as entry element Finance—Decision making.
942 ## - ADDED ENTRY ELEMENTS (KOHA)
Source of classification or shelving scheme Library of Congress Classification
Koha item type Books
Holdings
Withdrawn status Lost status Source of classification or shelving scheme Damaged status Home library Current library Shelving location Date acquired Source of acquisition Sub Shelving location Total Checkouts Full call number Barcode Date last seen Price effective from Koha item type
    Library of Congress Classification   College Library College Library Filipiniana Section 04/26/2025 Library Fund     HG 4026 .P649 2022 C24459 04/26/2025 04/26/2025 Books
    Library of Congress Classification   College Library College Library Filipiniana Section 04/26/2025 Library Fund     HG 4026 .P649 2022 C24460 04/26/2025 04/26/2025 Books
    Library of Congress Classification   College Library College Library Filipiniana Section 04/26/2025 Library Fund     HG 4026 .P649 2022 C24461 04/26/2025 04/26/2025 Books

Basic financial management

APA

Pineda A. D., . (2022). Basic financial management. Intramuros, Manila: Mindshapers, Inc.

Chicago

Pineda Ariel Dizon, . 2022. Basic financial management. Intramuros, Manila: Mindshapers, Inc.

Harvard

Pineda A. D., . (2022). Basic financial management. Intramuros, Manila: Mindshapers, Inc.

MLA

Pineda Ariel Dizon, . Basic financial management. Intramuros, Manila: Mindshapers, Inc. 2022.

  • Place hold
  • Print
  • Cite
  • Add to your cart (remove)
  • Save record
    BIBTEX Dublin Core MARCXML MARC (non-Unicode/MARC-8) MARC (Unicode/UTF-8) MARC (Unicode/UTF-8, Standard) MODS (XML) RIS
  • More searches
    Search for this title in:
    Other Libraries (WorldCat) Other Databases (Google Scholar) Online Stores (Bookfinder.com) Open Library (openlibrary.org)

Exporting to Dublin Core...

SOUTHVILLE LIBRARY

Southville International School and Colleges Library

1281 Tropical Ave. Cor. Luxembourg St., BF Homes International, Las Pinas City

Tel. No. 8256374 / 252358 Loc. 117/146

Powered by Koha